Manuel de psychologie juridique

Guardat en:
Dades bibliogràfiques
Autor principal: Mira y López, Emilio (autor)
Format: Llibre
Idioma:espanyol
Publicat: París Universitaires de France 1959
Col·lecció:Bibliothèque de Psychiatrie
Matèries:
Etiquetes: Afegir etiqueta
Sense etiquetes, Sigues el primer a etiquetar aquest registre!

MARC

LEADER 00000nam a2200000 a 4500
001 UCT8927
003 CL-VaPUC
008 970326e19590000FR |||||||||||||||||spa|d
082 0 4 |a 340.115  |b MIR  |2 21 
100 |a Mira y López, Emilio  |e autor  |9 570732 
245 1 0 |a Manuel de psychologie juridique 
300 |a 313 p 
942 |c BK 
945 |d 19970326 00:00:00  |a lriquelm 
260 |a París  |b Universitaires de France  |c 1959 
650 0 |a Psicología aplicada   |9 270762 
650 0 |a Personalidad   |9 307255 
650 0 |a Ética  |9 255099 
650 0 |a Comportamiento moral  |9 334569 
650 7 |a DERECHO  |2 CL-VaPUC  |9 381179 
650 7 |a LEGISLACION  |2 CL-VaPUC  |9 381180 
650 0 |a Motivación   |9 315362 
650 0 |a Delitos  |9 224143 
650 0 |a Terapia  |9 334442 
650 7 |a PSICOLOGIA CRIMINAL  |2 CL-VaPUC  |9 256274 
650 0 |a Personalidad   |9 307255 
650 0 |a Enfermedades mentales   |9 310204 
650 0 |a Administración de justicia  |9 382749 
583 |a last modification  |c 19970326 00:00:00  |k Rodrigo Vera 
490 0 |a Bibliothèque de Psychiatrie 
999 |c 257399  |d 257397 
952 |0 0  |1 0  |4 0  |6 340_115000000000000_MIR_1959  |7 0  |8 DER_TF  |9 280835  |a BIBDER  |b BIBDER  |d 2019-11-19  |i 181642K  |o 340.115 MIR 1959  |p 181642K  |r 2023-01-25  |w 2019-11-19  |x Ubicación 4to Piso  |y BK  |z Estos recursos deben solicitarse con anticipación  |k DER